000 00274nam a2200121 a 4500
008 100922s1966|||| d
245 1 0 _aLekárová smrť
100 1 _aFekete, Gyula
260 _bTatran
_aBratislava
_c1966
020 _c10
044 _axo
_cSK
041 _aslo
999 _c10598
_d10598